| 000 | 00456nam a22001697a 4500 | ||
|---|---|---|---|
| 003 | BD-DhUIB | ||
| 005 | 20251009190605.0 | ||
| 008 | 251009b |||||||| |||| 00| 0 eng d | ||
| 040 |
_aBD-DhUIB _cBD-DhUIB |
||
| 082 | _222 | ||
| 100 |
_aJane P. Mallor. _9958 |
||
| 245 |
_aBusiness law: _bthe ethical environment/ _cby Mallor Jane P. |
||
| 260 |
_aUSA. _bMacgrow hill, _cc2004. |
||
| 300 |
_axxxii, 1260p. : _billus; _c24cm. |
||
| 526 | _aBBA | ||
| 942 |
_2ddc _cBK |
||
| 999 |
_c490 _d490 |
||